Statistics for 50 Largest Cities in the Southeast U.S - with a Map

Click here to take the quiz!

General Stats

  • This quiz has been taken 897 times
  • The average score is 35 of 50

Answers on the Map

Answers color-coded by a green-red scale on the quiz's map according to % correct below.
 

Answer Stats

PopulationStateCity% Correct
470,914FLMiami
99%
498,044GAAtlanta
98%
164,422MSJackson
98%
391,006LANew Orleans
98%
285,713FLOrlando
97%
392,890FLTampa
97%
903,889FLJacksonville
96%
650,618TNMemphis
96%
669,053TNNashville
96%
872,498NCCharlotte
94%
221,599LABaton Rouge
93%
469,298NCRaleigh
92%
197,881ARLittle Rock
91%
620,118KYLouisville
91%
193,551FLTallahassee
91%
209,880ALBirmingham
90%
228,783VARichmond
90%
450,189VAVirginia Beach
88%
198,218ALMontgomery
84%
189,572ALMobile
83%
145,862GASavannah
83%
187,500TNKnoxville
78%
323,780KYLexington
77%
265,098FLSt Petersburg
77%
294,722NCGreensboro
74%
274,291NCDurham
73%
244,076VANorfolk
73%
180,557TNChattanooga
70%
182,595FLFort Lauderdale
69%
196,939GAAugusta
67%
188,987LAShreveport
67%
246,328NCWinston-Salem
63%
197,318ALHuntsville
62%
153,095GAMacon
59%
160,530VAAlexandria
56%
194,160GAColumbus
54%
242,634VAChesapeake
52%
178,626VANewport News
52%
237,521VAArlington
51%
238,942FLHialeah
50%
209,468NCFayetteville
47%
189,343FLCape Coral
45%
156,794TNClarksville
40%
195,248FLPort St Lucie
39%
168,160NCCary
37%
154,823FLHollywood
37%
141,344TNMurfreesboro
36%
140,000LAMetairie
25%
172,374FLPembroke Pines
21%
140,823FLMiramar
19%

Score Distribution

Percentile by Number Answered

Percent of People with Each Score

Your Score History

You have not taken this quiz